000 01052cam a2200289 a 4500
005 20260322212004.0
008 data
010 _a 2001040748
020 _a0743219414
020 _a9780743219419
040 _aDLC
_cDLC
_dDLC
050 0 0 _aRA781.7
_b.C48635 2002
082 0 0 _a613.7/046
_221
092 _a613.7 C48635 2002
100 1 _aChristensen, Alice.
245 1 4 _aThe American yoga association's beginner's manual /
_cAlice Christensen.
260 _aNew York :
_bSimon & Schuster,
_c2002.
300 _a238 p. :
_bill. ;
_c24 cm.
500 _a"A Fireside book."
500 _aIncludes index.
650 0 _aHatha yoga.
856 4 2 _3Contributor biographical information
_uhttp://www.loc.gov/catdir/bios/simon052/2001040748.html
856 4 2 _3Publisher description
_uhttp://www.loc.gov/catdir/description/simon031/2001040748.html
856 4 1 _3Table of contents only
_uhttp://www.loc.gov/catdir/enhancements/fy0631/2001040748-t.html
856 4 1 _3Sample text
_uhttp://www.loc.gov/catdir/enhancements/fy0641/2001040748-s.html
001 data
999 _c60
_d60